000 00272nam a2200121Ia 4500
005 20260328101510.0
008 260328s9999||||xx |||||||||||||| ||und||
100 _aCIAM
245 0 _aLa ChArte D' Athenes /
_cCIAM
260 _bDe Minuit
650 _aURBANISMO
942 _cBK
999 _c9154
_d9154